000 01426nam a2200349 c 4500
999 _c56966
_d56966
003 BLK
005 20220418134324.0
008 180408b bul|||||r ||||||| ||bul||
010 _aKNG00060953000
040 _aBLK
041 _aBUL
_cBUL
080 _aЕтнология. Етнография. Нрави. Обичаи. Бит. Фолклористика. Вж и 572 ; 903 ; 904
_b39
_x(497.2)(075.8)
_z39(497.2)(075.8)
100 1 _aКолев, Николай Иванов
_eпърви автор
_9249562
139 _aКолев, Николай Иванов
_bК 78
245 1 0 _aБългарска етнография
_bУчебник : За студенти от Великотърновския унив. Кирил и Методий
_cНиколай Иванов Колев.
257 _aBGR
260 _bУнив. изд. Св. св. Кирил и Методий
_c1982
_aВелико Търново
300 _a292 с.
_c22 см
380 _a3
500 _aОфс. изд. - 1 500 тир.
504 _aБиблиогр. с. 280-288.
650 4 _aЕтнография - България
_9249563
650 4 _aБългари - етнография
_9248337
653 _aетнография
653 _aобичаи
653 _aбит
653 _aкултура
852 _aЦб 116285
_bЦб
856 4 _qpdf
856 4 _qpdf
942 _cKNG
_n0
_01
_s1
944 _aCR
_c13.06.2004
_kНаталия_Медовщикова
944 _aED
_c29.01.2013
944 _aED
_c2022-04-18
999 _d56966